Logos-Vol. 21, no. 4 (November 1982) (Record no. 2293)

MARC details
000 -LEADER
fixed length control field 003690000a22001210004500
008 - FIXED-LENGTH DATA ELEMENTS--GENERAL INFORMATION
fixed length control field 230817t ||||| |||| 00| 0 eng d
942 ## - ADDED ENTRY ELEMENTS (KOHA)
Item Type Periodicals
245 ## - TITLE STATEMENT
Title Logos-Vol. 21, no. 4 (November 1982)
246 ## - VARYING FORM OF TITLE
Title Woman Ideological Perspectives
260 ## - PUBLICATION, DISTRIBUTION, ETC. (IMPRINT)
Place of Publication Colombo :
Name of Publisher Centre for society & religion,
Date of Copyright 1982
300 ## - PHYSICAL DESCRIPTION
Physical Details 134 p.
490 ## - SERIES STATEMENT
Series statement Logos - Volume 21: No.04 (November 1982)
Holdings
Withdrawn status Lost status Source of classification or shelving scheme Damaged status Not for loan Permanent location Current location Date acquired Total Checkouts Full call number Barcode Date last seen Price effective from Koha item type
    Dewey Decimal Classification     Resource center, Muslim Women's Research And Action Forum Resource center, Muslim Women's Research And Action Forum 2023-08-17   305.42 LOG RAF4316 2023-08-17 2023-08-17 Books
    Dewey Decimal Classification     Resource center, Muslim Women's Research And Action Forum Resource center, Muslim Women's Research And Action Forum 2024-02-29   305.42 LOG RAF5158 2024-02-29 2024-02-29 Periodicals

Copyright © 2023 Muslim Women's Research and Action Forum (MWRAF), No 27/3, Anderson Road, Kalubowila, Dehiwela. Funded by The Asia Fundation